000 00500nam a2200169Ia 4500
999 _c10662
_d10662
003 OSt
005 20191220144443.0
008 190216s9999||||xx |||||||||||||| ||und||
040 _coclc
082 _a338.9
_bMIS/E
100 _aMisra, S K
_9502
245 0 _aEconomics Of Growth And Development /
_cS K Misra ; V K Puri
260 _bHimalaya Publishing House,
_c2002.
_aNew Delhi:
300 _a519p
650 _aEconomics
942 _cBK
_2ddc
_h338.9
_iMIS/E
_k338.9
_mMIS/E